000 00969nas a2200325 4500
001 BR2015004223
003 BR-BrBNA
005 20231205125549.0
007 ta
008 230509b bl.|||p| |||| 00| 00por d
040 _aBR-BrBNA
_bpor
_cBiblioteca Nacional de Agricultura
041 _a(Pt)
072 _aQ04; Q03
100 1 _aBuzzo, M.L.
100 1 _aCarvalho, M. de F.H.
100 1 _aTiglea, P.
100 1 _aArauz, L.J. de
100 1 _aArakaki, E.E.K.
100 1 _aMatsuzaki, R.
245 1 _aMonitoramento de farinha de trigo e de milho fortificadas com ferro
650 _aANEMIA NUTRICIONAL
650 _aFARINHA DE TRIGO
650 _aFERRO
650 _aEXPECTROMETRIA
650 _aANÁLISE DE ALIMENTO
650 _aSAÚDE PÚBLICA
773 0 _tRevista do Instituto Adolfo Lutz (Brazil)
_xISSN 0073-9855
_g(Oct-Dec 2012), v. 71(4) p. 645-649
_wBR2015004223
909 _a202311
_bLúcia
_c55
_dLúcia Elande
942 _2AGRIS
_n0
_cANA
999 _c244936
_d244936